[Event "20th Reykjavik op"]
[Site "Reykjavik ISL"]
[Date "2002.03.08"]
[Round "2"]
[White "Berg, Emanuel"]
[Black "Bjornsson, Sigurbjorn"]
[Result "1-0"]
[WhiteElo "2500"]
[BlackElo "2312"]
[EventDate "2002.03.07"]
[PlyCount "73"]

1.e4 c5 2.Nf3 d6 3.d4 cxd4 4.Nxd4 Nf6 5.Nc3 a6 6.Be3 e6 7.f4 b5 8.Qf3 Bb7 
9.Bd3 Nbd7 10.g4 Nb6 11.g5 Nfd7 12.h4 Nc5 13.O-O-O Rc8 14.Kb1 Qc7 15.h5 b4
16.Nce2 e5 17.Nb3 d5 18.Bxc5 Bxc5 19.Nxc5 Qxc5 20.fxe5 dxe4 21.Bxe4 Qxc2+ 
22.Bxc2 Bxf3 23.Rh2 O-O 24.h6 g6 25.Rf2 Bb7 26.Rd4 a5 27.a3 bxa3 28.Bb3 a4
29.Ba2 axb2 30.e6 Nd5 31.exf7+ Rxf7 32.Rxd5 Bxd5 33.Bxd5 Rc7 34.Kxb2 Kf8 
35.Rxf7+ Rxf7 36.Bxf7 Kxf7 37.Nf4 1-0

[Event "20th Reykjavik op"]
[Site "Reykjavik ISL"]
[Date "2002.03.08"]
[Round "2"]
[White "Bergsson, Snorri"]
[Black "Hillarp Persson, Tiger"]
[Result "0-1"]
[WhiteElo "2275"]
[BlackElo "2456"]
[EventDate "2002.03.07"]
[PlyCount "96"]

1.d4 g6 2.c4 Bg7 3.Nc3 Nf6 4.e4 O-O 5.Be2 d6 6.Nf3 e5 7.O-O Nc6 8.d5 Ne7 
9.Ne1 Ne8 10.Nd3 f5 11.f3 f4 12.g4 Bf6 13.Bd2 Kg7 14.Be1 h5 15.h3 Rh8 16.
Kg2 Ng8 17.Bf2 Bh4 18.Qe1 Bxf2 19.Qxf2 Nh6 20.Rh1 Nf7 21.Rae1 Nf6 22.Kf1 
g5 23.Bd1 c6 24.b4 cxd5 25.Nxd5 Be6 26.Bb3 Bxd5 27.cxd5 Rh6 28.a4 Qh8 29.
Kg2 Qh7 30.Qe2 Nh8 31.Rc1 Rf8 32.Rc7+ Rf7 33.Rxf7+ Nxf7 34.Nf2 hxg4 35.
fxg4 Qg8 36.Rc1 Qd8 37.a5 Rh8 38.Ba4 a6 39.Qc2 b5 40.Bb3 Qa8 41.Qd3 Rc8 
42.Rxc8 Qxc8 43.Qc2 Qb8 44.Qc6 Qa7 45.Bc2 Qe3 46.Qb6 f3+ 47.Kh2 Qf4+ 48.
Kg1 Qc1+ 0-1

[Event "20th Reykjavik op"]
[Site "Reykjavik ISL"]
[Date "2002.03.08"]
[Round "2"]
[White "Berkes, Ferenc"]
[Black "Lie, Kjetil"]
[Result "0-1"]
[WhiteElo "2522"]
[BlackElo "2388"]
[EventDate "2002.03.07"]
[PlyCount "88"]

1.d4 Nf6 2.c4 c5 3.d5 e6 4.g3 exd5 5.cxd5 d6 6.Bg2 g6 7.Nc3 Bg7 8.Nf3 O-O 
9.O-O Re8 10.Bf4 Ne4 11.Nxe4 Rxe4 12.Nd2 Rb4 13.a3 Rxf4 14.gxf4 Bxb2 15.
Rb1 Bxa3 16.Ne4 f5 17.Ng5 Bb4 18.Rb3 Nd7 19.Ne6 Qf6 20.Re3 Nb6 21.Nc7 Bd7 
22.Nxa8 Nxa8 23.Re6 Qf8 24.h4 Nc7 25.Re3 a5 26.h5 Qf6 27.hxg6 hxg6 28.Rg3 
Nb5 29.Bf3 Nc3 30.Qd3 Kg7 31.Kg2 Be8 32.Rh1 Bf7 33.Rh5 Kf8 34.Rh7 a4 35.
Rgh3 a3 36.Qe3 Kg8 37.Rh8+ Qxh8 38.Rxh8+ Kxh8 39.Qe7 Kg7 40.Qxd6 a2 41.
Qe5+ Kh7 42.Qf6 Kg8 43.Qd8+ Kg7 44.Qa8 Nxd5 0-1

[Event "20th Reykjavik op"]
[Site "Reykjavik ISL"]
[Date "2002.03.08"]
[Round "2"]
[White "Bjarnason, Saevar"]
[Black "Hagesaether, Ellen"]
[Result "1-0"]
[WhiteElo "2256"]
[BlackElo "2102"]
[EventDate "2002.03.07"]
[PlyCount "103"]

1.d4 g6 2.c4 Bg7 3.e4 d6 4.Nc3 Nf6 5.f3 O-O 6.Bg5 c6 7.Qd2 e5 8.d5 c5 9.
Bd3 a6 10.Nge2 Bd7 11.a4 b6 12.g4 h6 13.Be3 Nh7 14.h4 Bf6 15.Bf2 g5 16.
hxg5 Bxg5 17.Qc2 Qf6 18.Ng1 a5 19.Nce2 Na6 20.Ng3 Nb4 21.Qe2 Qg6 22.Nf5 
Bxf5 23.gxf5 Qg7 24.Nh3 f6 25.Rg1 Qc7 26.Bb1 Kh8 27.Rg4 Rg8 28.f4 exf4 29.
Nxf4 Bxf4 30.Rxf4 Qg7 31.Ra3 Qg5 32.Qe3 Rac8 33.Rh4 Kg7 34.Ke2 Qxe3+ 35.
Rxe3 Ng5 36.Rg3 Kh7 37.Be3 Nf7 38.Rg6 Rxg6 39.fxg6+ Kxg6 40.e5+ Kg7 41.e6 
Ng5 42.Bf4 b5 43.axb5 a4 44.Bxd6 Nxe6 45.Kf1 Rd8 46.Rg4+ Ng5 47.Bc7 Ra8 
48.b6 Na6 49.d6 Kf7 50.d7 Ne6 51.Be4 f5 52.Bxa8 1-0

[Event "20th Reykjavik op"]
[Site "Reykjavik ISL"]
[Date "2002.03.08"]
[Round "2"]
[White "Boricsev, Oleg"]
[Black "Schmied, Andreas"]
[Result "1-0"]
[WhiteElo "2333"]
[BlackElo "2142"]
[EventDate "2002.03.07"]
[PlyCount "47"]

1.e4 c5 2.c3 d5 3.exd5 Qxd5 4.d4 e6 5.Nf3 Nf6 6.Bd3 Be7 7.O-O O-O 8.Qe2 
Nc6 9.dxc5 Qxc5 10.Na3 Bd7 11.Nc4 Rfd8 12.Be3 Qh5 13.Bf4 Be8 14.Rfd1 b5 
15.Nce5 a6 16.a4 b4 17.Bxa6 Rxd1+ 18.Rxd1 Nxe5 19.Bxe5 Bxa4 20.Re1 bxc3 
21.bxc3 Ng4 22.Bg3 Qa5 23.Bd3 Qxc3 24.Qe4 1-0

[Event "20th Reykjavik op"]
[Site "Reykjavik ISL"]
[Date "2002.03.08"]
[Round "2"]
[White "Ehlvest, Jaan"]
[Black "Ivanov, Mikhail M."]
[Result "1-0"]
[WhiteElo "2589"]
[BlackElo "2446"]
[EventDate "2002.03.07"]
[PlyCount "173"]

1.e4 e5 2.Nf3 Nf6 3.Nc3 Nc6 4.g3 d5 5.exd5 Nxd5 6.Bg2 Nxc3 7.bxc3 Bc5 8.
O-O O-O 9.Re1 Bg4 10.h3 Bh5 11.Qe2 Qd6 12.g4 Bg6 13.Ng5 Rae8 14.Ne4 Bxe4 
15.Qxe4 Re6 16.d3 b6 17.Qd5 Ne7 18.Qxd6 Bxd6 19.d4 Ng6 20.Bd2 h6 21.Re4 
Nf4 22.Bh1 exd4 23.cxd4 Rxe4 24.Bxe4 Re8 25.Bc6 Re2 26.Rd1 g5 27.Kf1 Re7 
28.c4 Ng6 29.Rb1 Nf4 30.Rb3 Kg7 31.a4 Ne6 32.Be3 Bf4 33.a5 Nd8 34.Bg2 Ne6 
35.Bf3 Bd6 36.Rb5 Re8 37.Bc6 Rd8 38.c5 Bf4 39.cxb6 cxb6 40.axb6 axb6 41.d5
Nc7 42.Bxb6 Nxb5 43.Bxd8 Nd6 44.Ke2 h5 45.Bd7 h4 46.Be7 f6 47.Be6 Nb7 48.
Bb4 Nd6 49.Bc3 Ne4 50.Bd4 Be5 51.Be3 Kf8 52.f3 Ng3+ 53.Kd3 Ke7 54.Bc8 Nf1 
55.Bc1 Kd6 56.Bb7 Ke7 57.Ba6 Ng3 58.Be3 Nf1 59.Bc5+ Bd6 60.Bd4 Ng3 61.Kc2 
Be5 62.Bc5+ Bd6 63.Be3 Kd7 64.Bd3 Kc7 65.Kb3 Bf4 66.Ba7 Nh1 67.Kc4 Be5 68.
Kb5 Ng3 69.Bb6+ Kd7 70.Bc5 Kc7 71.Be7 Kd7 72.Bb4 Nh1 73.Bf5+ Kc7 74.Be7 
Ng3 75.Kc5 Nxf5 76.gxf5 Kd7 77.Bf8 Bb2 78.Kc4 Be5 79.Bc5 Bc7 80.Kd3 Be5 
81.Ke4 Bc7 82.Be3 Ke7 83.f4 gxf4 84.Bf2 Kf7 85.Bxh4 Be5 86.Be1 Kg7 87.Bd2 
1-0

[Event "20th Reykjavik op"]
[Site "Reykjavik ISL"]
[Date "2002.03.08"]
[Round "2"]
[White "Einarsson, Einar Kristinn"]
[Black "Bjornsson, Tomas"]
[Result "1/2-1/2"]
[WhiteElo "2107"]
[BlackElo "2248"]
[EventDate "2002.03.07"]
[PlyCount "26"]

1.Nf3 d6 2.g3 e5 3.d3 g6 4.Bg2 Bg7 5.O-O Ne7 6.c4 O-O 7.Nc3 Nbc6 8.Ne1 Be6
9.Nd5 Qd7 10.Nc2 f5 11.f4 exf4 12.gxf4 Rae8 13.Bd2 b6 1/2-1/2

[Event "20th Reykjavik op"]
[Site "Reykjavik ISL"]
[Date "2002.03.08"]
[Round "2"]
[White "Fridjonsson, Julius"]
[Black "Bergsson, Stefan"]
[Result "1-0"]
[WhiteElo "2200"]
[BlackElo "2021"]
[EventDate "2002.03.07"]
[PlyCount "65"]

1.c4 e5 2.g3 d6 3.Bg2 g6 4.d4 Nd7 5.Nf3 Bg7 6.Nc3 Ngf6 7.O-O O-O 8.Qc2 c6 
9.Rd1 Qc7 10.b3 Re8 11.Ba3 e4 12.Ne1 e3 13.f3 Nb6 14.Ne4 Nxe4 15.fxe4 Bg4 
16.h3 Be6 17.Nf3 c5 18.Bb2 cxd4 19.Nxd4 Bxd4 20.Rxd4 d5 21.exd5 Nxd5 22.
Rxd5 Qxg3 23.Qc3 f6 24.Qxf6 Qf2+ 25.Qxf2 exf2+ 26.Kxf2 Bxd5 27.Bxd5+ Kf8 
28.Bxb7 Rad8 29.Bd5 Ke7 30.Bc3 Kd6 31.Rd1 Kc5 32.a3 g5 33.Bd4+ 1-0

[Event "20th Reykjavik op"]
[Site "Reykjavik ISL"]
[Date "2002.03.08"]
[Round "2"]
[White "Gudmundsson, Kjartan"]
[Black "Thompson, Ian"]
[Result "0-1"]
[WhiteElo "2034"]
[BlackElo "2209"]
[EventDate "2002.03.07"]
[PlyCount "126"]

1.e4 e6 2.d4 d5 3.Nc3 Bb4 4.exd5 exd5 5.Bd3 Nc6 6.Ne2 Nge7 7.O-O Bf5 8.Ng3
Bg6 9.Bg5 f6 10.Bf4 O-O 11.a3 Bd6 12.Nce2 Qd7 13.c3 Rae8 14.Qd2 Bxd3 15.
Qxd3 Nd8 16.Rae1 Ne6 17.Bxd6 Qxd6 18.Nf5 Nxf5 19.Qxf5 g6 20.Qd3 Re7 21.Qd2
Rfe8 22.Ng3 Ng5 23.f3 Nf7 24.Rxe7 Qxe7 25.Kf2 Nd6 26.b3 f5 27.a4 Qh4 28.
Kg1 f4 29.Ne2 Nf5 30.c4 Ne3 31.Rc1 Qf6 32.cxd5 Nxd5 33.Nc3 Nxc3 34.Qxc3 
Re7 35.Qc4+ Kg7 36.Qd3 Qb6 37.Qc4 c6 38.Qc5 Qxc5 39.dxc5 Re3 40.Rb1 Kf6 
41.b4 Ke5 42.b5 Kd5 43.Rd1+ Kxc5 44.Rd7 cxb5 45.axb5 Kb6 46.Rxh7 Re5 47.
Rf7 g5 48.h4 gxh4 49.Rxf4 Rh5 50.Rb4 Ka5 51.Rg4 Kxb5 52.f4 Kc5 53.Rg7 b5 
54.Rxa7 Rf5 55.Rc7+ Kd4 56.Kf2 Rxf4+ 57.Ke2 b4 58.g3 hxg3 59.Rg7 Rf2+ 60.
Ke1 Rf3 61.Ke2 Ra3 62.Rg4+ Kc5 63.Kd1 Ra1+ 0-1

[Event "20th Reykjavik op"]
[Site "Reykjavik ISL"]
[Date "2002.03.08"]
[Round "2"]
[White "Gunnarsson, Arnar"]
[Black "Rowson, Jonathan"]
[Result "1/2-1/2"]
[WhiteElo "2322"]
[BlackElo "2512"]
[EventDate "2002.03.07"]
[PlyCount "80"]

1.e4 c5 2.c3 d5 3.exd5 Qxd5 4.d4 Nf6 5.Nf3 Bg4 6.Be2 e6 7.O-O Nc6 8.Be3 
cxd4 9.cxd4 Be7 10.Nc3 Qd6 11.Qd2 O-O 12.Rfd1 Rfd8 13.Rac1 Rac8 14.Bf4 Qb4
15.a3 Qb3 16.Qe3 Na5 17.Be5 Bxf3 18.gxf3 Nd5 19.Nxd5 Qxd5 20.Bc7 Rd7 21.
Bxa5 Rxc1 22.Rxc1 Qxa5 23.Rc8+ Rd8 24.b4 Qb6 25.Rxd8+ Qxd8 26.Bc4 Qc7 27.
Bb3 Bd6 28.h3 a6 29.d5 e5 30.f4 g6 31.fxe5 Bxe5 32.Kg2 Bd6 33.Qd2 Qe7 34.
Qe3 Qf6 35.Bd1 Kg7 36.Bg4 Qe5 37.Qxe5+ Bxe5 38.Bc8 Bb2 39.Bxb7 Bxa3 40.
Bxa6 Bxb4 1/2-1/2

[Event "20th Reykjavik op"]
[Site "Reykjavik ISL"]
[Date "2002.03.08"]
[Round "2"]
[White "Halldorsson, Bragi"]
[Black "Gretarsdottir, Lilja"]
[Result "1-0"]
[WhiteElo "2236"]
[BlackElo "2056"]
[EventDate "2002.03.07"]
[PlyCount "76"]

1.d4 d5 2.c4 c6 3.Nc3 Nf6 4.Nf3 dxc4 5.a4 Bf5 6.e3 e6 7.Bxc4 Bb4 8.O-O O-O
9.Qe2 Bg6 10.Rd1 Nbd7 11.Bd3 Qe7 12.Bxg6 hxg6 13.e4 e5 14.dxe5 Nxe5 15.
Nxe5 Qxe5 16.f4 Qa5 17.e5 Bxc3 18.bxc3 Nd5 19.Rd3 Rad8 20.Bd2 Qa6 21.Qf1 
Ne3 22.Rxe3 Qxf1+ 23.Kxf1 Rxd2 24.Re2 Rfd8 25.Ke1 R2d3 26.Rc1 R8d5 27.Kf2 
Rc5 28.Re3 Rd2+ 29.Kf3 Rc4 30.Rb1 Ra2 31.Rxb7 Raxa4 32.g3 Ra3 33.e6 Rcxc3 
34.Rb8+ Kh7 35.exf7 Rxe3+ 36.Kg4 Rab3 37.Rc8 g5 38.f8=Q Re6 1-0

[Event "20th Reykjavik op"]
[Site "Reykjavik ISL"]
[Date "2002.03.08"]
[Round "2"]
[White "Ingason, Sigurdur"]
[Black "Edvardsson, Kristjan"]
[Result "0-1"]
[WhiteElo "2059"]
[BlackElo "2239"]
[EventDate "2002.03.07"]
[PlyCount "96"]

1.c4 Nf6 2.g3 e5 3.Bg2 d5 4.cxd5 Nxd5 5.Nf3 Nc6 6.O-O Be7 7.d4 exd4 8.Nxd4
O-O 9.Nxc6 bxc6 10.Qa4 Bd7 11.Rd1 Bd6 12.a3 Qe7 13.e4 Nb6 14.Qc2 a5 15.Be3
Rfb8 16.Nd2 a4 17.Rdc1 Qe6 18.Bd4 Be5 19.Nf3 Bd6 20.e5 Be7 21.Nd2 Nd5 22.
Be4 g6 23.f4 Rb5 24.Bd3 Rbb8 25.f5 gxf5 26.Rf1 Qh6 27.Bxf5 Ne3 28.Bxh7+ 
Kf8 29.Bxe3 Qxe3+ 30.Kh1 Be6 31.Be4 Qd4 32.Qxc6 Kg7 33.Qxc7 Rh8 34.Bxa8 
Qxd2 35.Bg2 Qh6 36.Kg1 Bd8 37.Rxf7+ Bxf7 38.Qd7 Qxh2+ 39.Kf2 Bb6+ 40.Kf3 
Qh6 41.Re1 Re8 42.Qg4+ Kf8 43.Qb4+ Re7 44.Rf1 Ke8 45.Qxa4+ Rd7 46.Rd1 Qe3+
47.Kg4 Be6+ 48.Kh5 Qxe5+ 0-1

[Event "20th Reykjavik op"]
[Site "Reykjavik ISL"]
[Date "2002.03.08"]
[Round "2"]
[White "Ingolfsdottir, Harpa"]
[Black "Kjartansson, David"]
[Result "1-0"]
[WhiteElo "2053"]
[BlackElo "2235"]
[EventDate "2002.03.07"]
[PlyCount "95"]

1.e4 c5 2.Nf3 e6 3.d4 cxd4 4.Nxd4 a6 5.Nc3 Qc7 6.Be3 Nf6 7.Qd2 b5 8.f3 Bb7
9.Bd3 Be7 10.g4 d6 11.h4 Nc6 12.Nxc6 Bxc6 13.Ne2 d5 14.g5 Nd7 15.Qc3 Bd6 
16.exd5 Bxd5 17.Rf1 Ne5 18.f4 Nf3+ 19.Kf2 Nxh4 20.Qxg7 O-O-O 21.Qc3 e5 22.
Bb6 Qxc3 23.Nxc3 Bc7 24.Nxd5 Rxd5 25.Bxc7 Kxc7 26.Rh1 Ng6 27.f5 Nf4 28.
Rad1 Rdd8 29.Rh6 e4 30.Be2 Rxd1 31.Bxd1 Rd8 32.Bh5 Nh3+ 33.Ke3 Nxg5 34.Kf4
Rg8 35.Rxa6 Nh3+ 36.Kxe4 Rg2 37.Bxf7 Rxc2 38.Bb3 Rxb2 39.f6 Rf2 40.Ke3 Rf5
41.Bc2 Re5+ 42.Kd4 Re8 43.Bxh7 Ng5 44.Bg6 Re1 45.f7 Rf1 46.Ke5 Nf3+ 47.Kf6
Kb7 48.Kg7 1-0

[Event "20th Reykjavik op"]
[Site "Reykjavik ISL"]
[Date "2002.03.08"]
[Round "2"]
[White "Jiretorn, Eva"]
[Black "Johannesson, Ingvar Thor"]
[Result "1/2-1/2"]
[WhiteElo "2112"]
[BlackElo "2267"]
[EventDate "2002.03.07"]
[PlyCount "83"]

1.d4 Nf6 2.c4 c5 3.d5 b5 4.cxb5 a6 5.bxa6 g6 6.Nc3 Bxa6 7.f4 Bg7 8.Nf3 Qa5
9.Qd2 O-O 10.e4 Bxf1 11.Rxf1 d6 12.Rf2 Nbd7 13.Re2 Nb6 14.Kf1 Qa6 15.Kg1 
Rfe8 16.Qe1 h6 17.h3 e6 18.dxe6 Rxe6 19.e5 Rae8 20.f5 R6e7 21.fxg6 dxe5 
22.gxf7+ Rxf7 23.Rxe5 Ref8 24.Qe2 c4 25.Re6 Qb7 26.Ne5 Rc7 27.Ng6 Rff7 28.
Nb5 Rcd7 29.Nd6 Rxd6 30.Rxd6 Ne4 31.Rd1 Na4 32.Nh4 c3 33.Re1 Nac5 34.Nf3 
cxb2 35.Bxb2 Qxb2 36.Qxb2 Bxb2 37.Rab1 Bc3 38.Re2 Bg7 39.Rb4 Nc3 40.Rc2 
Ra7 41.Rc4 N5e4 42.g4 1/2-1/2

[Event "20th Reykjavik op"]
[Site "Reykjavik ISL"]
[Date "2002.03.08"]
[Round "2"]
[White "Jonasson, Benedikt"]
[Black "Petursson, Gudni"]
[Result "1-0"]
[WhiteElo "2267"]
[BlackElo "2112"]
[EventDate "2002.03.07"]
[PlyCount "59"]

1.e4 e6 2.d4 d5 3.Nc3 Bb4 4.e5 c5 5.a3 Ba5 6.b4 cxd4 7.Nb5 Bc7 8.f4 Bd7 9.
Nf3 Bxb5 10.Bxb5+ Nc6 11.O-O Ne7 12.Kh1 O-O 13.Bd3 h6 14.Bb2 Bb6 15.Qe1 
Nf5 16.Rg1 Ne3 17.b5 Na5 18.Nxd4 Nec4 19.Bc3 Bc5 20.Qg3 Qb6 21.Rgd1 Qd8 
22.h4 Be7 23.f5 Bxh4 24.Qh3 exf5 25.Nxf5 Bg5 26.e6 fxe6 27.Nxg7 Qe7 28.
Nxe6 Rf7 29.Rf1 Re8 30.Rxf7 1-0

[Event "20th Reykjavik op"]
[Site "Reykjavik ISL"]
[Date "2002.03.08"]
[Round "2"]
[White "Korneev, Oleg"]
[Black "Holmsten, Aleksei"]
[Result "1-0"]
[WhiteElo "2568"]
[BlackElo "2420"]
[EventDate "2002.03.07"]
[PlyCount "75"]

1.e4 c5 2.Nf3 Nc6 3.d4 cxd4 4.Nxd4 Nf6 5.Nc3 e5 6.Ndb5 d6 7.Bg5 a6 8.Na3 
b5 9.Nd5 Be7 10.Bxf6 Bxf6 11.c3 Ne7 12.Nxf6+ gxf6 13.g3 Bb7 14.Bg2 f5 15.
Qe2 O-O 16.Nc2 fxe4 17.Bxe4 Bxe4 18.Qxe4 f5 19.Qe2 Qb6 20.f4 Ng6 21.O-O-O 
Rac8 22.Qd2 a5 23.h4 b4 24.h5 bxc3 25.Qd5+ Kh8 26.b3 Ne7 27.Qe6 Nc6 28.
Rxd6 exf4 29.Rd7 Qc5 30.Qh6 Ne7 31.Re1 Qc6 32.Rd6 Qc7 33.Qxf4 Ng8 34.Nd4 
c2 35.Qe5+ Rf6 36.Rxf6 Qxe5 37.Rxe5 Nxf6 38.Rxf5 1-0

[Event "20th Reykjavik op"]
[Site "Reykjavik ISL"]
[Date "2002.03.08"]
[Round "2"]
[White "Kristinsdottir, Aslaug"]
[Black "Johansson, Viktoria"]
[Result "0-1"]
[WhiteElo "2007"]
[BlackElo "2199"]
[EventDate "2002.03.07"]
[PlyCount "88"]

1.c4 c5 2.Nc3 Nc6 3.g3 g6 4.Bg2 Bg7 5.Nf3 d6 6.O-O e5 7.d3 Nge7 8.Nd2 O-O 
9.Nd5 Rb8 10.Rb1 Nxd5 11.cxd5 Nd4 12.b4 Bg4 13.f3 Bd7 14.e3 Nf5 15.Ne4 
cxb4 16.Rxb4 b5 17.f4 a5 18.Rb1 exf4 19.gxf4 Qb6 20.Qe2 b4 21.Kh1 Rbc8 22.
Ng3 Nxg3+ 23.hxg3 Qc5 24.Re1 Ba4 25.d4 Qb6 26.Rb2 Rc7 27.Bd2 Rfc8 28.Be4 
Re8 29.Qf3 Rce7 30.Bc2 Bxc2 31.Rxc2 Bxd4 32.e4 Rc7 33.Rxc7 Qxc7 34.Rc1 Qd7
35.g4 Qe7 36.Re1 Rc8 37.Kg2 Bc3 38.Rd1 Bxd2 39.Rxd2 Rc3 40.Qe2 Qh4 41.Kf1 
Qh1+ 42.Kf2 Qh2+ 43.Ke1 Qg1+ 44.Qf1 Rc1+ 0-1

[Event "20th Reykjavik op"]
[Site "Reykjavik ISL"]
[Date "2002.03.08"]
[Round "2"]
[White "Olafsson, Helgi"]
[Black "Hardarson, Robert"]
[Result "1-0"]
[WhiteElo "2474"]
[BlackElo "2298"]
[EventDate "2002.03.07"]
[PlyCount "81"]

1.d4 Nf6 2.Nf3 c5 3.d5 g6 4.Nc3 Bg7 5.e4 d6 6.Bb5+ Bd7 7.a4 Na6 8.O-O Nc7 
9.Be2 O-O 10.Bg5 Rb8 11.Re1 b5 12.axb5 Bxb5 13.Nxb5 Nxb5 14.e5 dxe5 15.
Nxe5 Nd4 16.c3 Nxe2+ 17.Rxe2 Qd6 18.Bxf6 Bxf6 19.Nc4 Qd7 20.Rd2 Kg7 21.Qf3
Rb3 22.g3 h5 23.h4 Rfb8 24.Qe4 R3b7 25.Kg2 Rb5 26.Qf3 Qb7 27.d6 exd6 28.
Nxd6 Qxf3+ 29.Kxf3 Rd8 30.Rxa7 Kg8 31.Ra8 Rxa8 32.Nxb5 Rb8 33.Nd6 Be7 34.
Nc4 f6 35.Rd7 Kf7 36.Na5 Rxb2 37.Nc6 Ke6 38.Rxe7+ Kd6 39.Rf7 Kxc6 40.Rxf6+
Kd5 41.Rxg6 1-0

[Event "20th Reykjavik op"]
[Site "Reykjavik ISL"]
[Date "2002.03.08"]
[Round "2"]
[White "Ptacnikova, Lenka"]
[Black "Kjartansson, Gudmundur"]
[Result "0-1"]
[WhiteElo "2239"]
[BlackElo "2060"]
[EventDate "2002.03.07"]
[PlyCount "98"]

1.c4 e5 2.g3 g6 3.Bg2 Bg7 4.Nc3 Nc6 5.e4 d6 6.Nge2 Be6 7.d3 Nge7 8.Nd5 O-O
9.O-O Qd7 10.Be3 Nd4 11.Nxd4 exd4 12.Nxe7+ Qxe7 13.Bd2 Qd7 14.Qc1 f5 15.b3
c5 16.Bg5 Rae8 17.Qd2 Bf6 18.Bh6 Bg7 19.Bf4 Be5 20.Bxe5 dxe5 21.exf5 gxf5 
22.Qg5+ Qg7 23.Qxg7+ Kxg7 24.Bxb7 Bf7 25.Rfe1 Re7 26.Bc6 Rc8 27.Bg2 Bg6 
28.f3 Kf6 29.Re2 a5 30.Rae1 Rb8 31.Kf2 Rbe8 32.Rb2 Rb8 33.Reb1 Reb7 34.f4 
e4 35.g4 Re7 36.g5+ Kg7 37.Re1 a4 38.Rbb1 a3 39.Bf1 Bh5 40.Be2 Kg6 41.Bf1 
e3+ 42.Kg3 e2 43.Bg2 Re3+ 44.Kf2 Rxd3 45.Rxe2 Bxe2 46.Kxe2 Re3+ 47.Kf2 
Rbe8 48.Bf3 Rc3 49.Bd1 d3 0-1

[Event "20th Reykjavik op"]
[Site "Reykjavik ISL"]
[Date "2002.03.08"]
[Round "2"]
[White "Schubert, Hans-Joachim"]
[Black "Ragnarsson, Johann"]
[Result "1-0"]
[WhiteElo "2005"]
[BlackElo "2118"]
[EventDate "2002.03.07"]
[PlyCount "101"]

1.e4 c6 2.c4 d5 3.cxd5 cxd5 4.exd5 Nf6 5.Bb5+ Nbd7 6.Nc3 a6 7.Be2 Nb6 8.
Nf3 Nfxd5 9.d4 g6 10.O-O Bg7 11.Bg5 O-O 12.Qd2 Re8 13.Bh6 Bh8 14.Rfd1 Bf5 
15.Rac1 Rc8 16.Nxd5 Qxd5 17.Qb4 Qd6 18.Rc5 Rc6 19.Qa5 Rec8 20.Rdc1 Bg7 21.
Bxg7 Kxg7 22.Rxc6 Rxc6 23.Rxc6 Qxc6 24.Qc5 Qe6 25.Bf1 Qd6 26.Qe5+ Qxe5 27.
dxe5 Na4 28.b4 Be6 29.a3 Nc3 30.Nd4 Nb1 31.Nxe6+ fxe6 32.a4 Nc3 33.a5 Kf7 
34.Bc4 Nd5 35.b5 axb5 36.Bxb5 g5 37.g3 Nb4 38.f4 gxf4 39.gxf4 Nd5 40.Bd7 
b6 41.a6 Kg6 42.Bxe6 Nc7 43.a7 b5 44.f5+ Kg5 45.h4+ Kh5 46.Bd5 b4 47.a8=Q 
Nxa8 48.Bxa8 b3 49.Be4 b2 50.f6 exf6 51.e6 1-0

[Event "20th Reykjavik op"]
[Site "Reykjavik ISL"]
[Date "2002.03.08"]
[Round "2"]
[White "Shahade, Jennifer"]
[Black "Miezis, Normunds"]
[Result "1/2-1/2"]
[WhiteElo "2302"]
[BlackElo "2498"]
[EventDate "2002.03.07"]
[PlyCount "144"]

1.e4 c5 2.Nf3 e6 3.d4 cxd4 4.Nxd4 a6 5.Nc3 Qc7 6.Be2 b5 7.O-O Bb7 8.Re1 
Nc6 9.Nxc6 dxc6 10.e5 Ne7 11.Bd3 O-O-O 12.a4 Nf5 13.Bg5 Rd7 14.Qf3 h6 15.
Bxf5 hxg5 16.axb5 exf5 17.bxa6 Ba8 18.Qxf5 Bb4 19.Ne4 Re8 20.Nd6+ Bxd6 21.
exd6 Qd8 22.c4 g6 23.Rxe8 Qxe8 24.Qc5 Qh8 25.Qb4 Qd4 26.Re1 Rd8 27.h3 c5 
28.Qb6 Qxd6 29.Qxd6 Rxd6 30.Re8+ Rd8 31.Re5 Rd1+ 32.Kh2 Rd2 33.Rxc5+ Kd7 
34.b4 Rxf2 35.Rxg5 Rc2 36.Rg4 Kc7 37.Kg1 Kb6 38.b5 Rb2 39.h4 Kc5 40.g3 Ra2
41.Rf4 f5 42.h5 gxh5 43.Rxf5+ Kxc4 44.Rxh5 Kd4 45.Rh8 Be4 46.g4 Ke3 47.Re8
Kf3 48.g5 Bd3 49.Re5 Ra4 50.Rd5 Ra1+ 51.Kh2 Ra2+ 52.Kg1 Rg2+ 53.Kh1 Be4 
54.Re5 Rg4 55.Kh2 Rh4+ 56.Kg1 Kg3 57.Kf1 Bf3 58.Ke1 Rd4 59.Kf1 Rd1+ 60.Re1
Rd8 61.Re6 Rd1+ 62.Re1 Rd5 63.b6 Rb5 64.b7 Bxb7 65.axb7 Rxb7 66.Ke2 Kf4 
67.Rg1 Re7+ 68.Kd3 Rd7+ 69.Kc4 Kf5 70.g6 Rg7 71.Kd5 Rxg6 72.Rxg6 Kxg6 
1/2-1/2

[Event "20th Reykjavik op"]
[Site "Reykjavik ISL"]
[Date "2002.03.08"]
[Round "2"]
[White "Thorarinsson, Pall"]
[Black "Arnarsson, Hrannar"]
[Result "1-0"]
[WhiteElo "2217"]
[BlackElo "2035"]
[EventDate "2002.03.07"]
[PlyCount "109"]

1.d4 g6 2.e4 Bg7 3.Nc3 d6 4.Be3 Nd7 5.Nge2 e5 6.dxe5 Nxe5 7.f4 Nc6 8.g3 
Bg4 9.Bg2 Bxc3+ 10.bxc3 Qe7 11.h3 Bd7 12.O-O Nf6 13.Qd3 h6 14.Rab1 Rb8 15.
g4 O-O 16.Ng3 a6 17.Bd4 Na5 18.e5 dxe5 19.fxe5 Nh7 20.Ne4 Rfd8 21.Qe3 Qh4 
22.Qf4 Be6 23.Bf2 Qe7 24.Qxh6 Bc4 25.Bh4 Qf8 26.Qxf8+ Rxf8 27.Rf4 Bd5 28.
Rd1 c6 29.Bf1 Rfe8 30.Nf6+ Nxf6 31.Bxf6 b5 32.h4 Nc4 33.Bxc4 bxc4 34.h5 
Kh7 35.h6 Rb2 36.Bg7 Re7 37.Bf8 Reb7 38.g5 Rb1 39.Rff1 Rxd1 40.Rxd1 Rb8 
41.Bg7 a5 42.a3 Kg8 43.Kf2 Kh7 44.Ke3 Kg8 45.Kd4 a4 46.Bf6 Kh7 47.Kc5 Rb5+
48.Kd6 Rb7 49.Rd2 Ra7 50.Rf2 Rb7 51.Rd2 Ra7 52.Rd1 Rb7 53.Rc1 Rb8 54.Kc7 
Rb2 55.Bg7 1-0

[Event "20th Reykjavik op"]
[Site "Reykjavik ISL"]
[Date "2002.03.08"]
[Round "2"]
[White "Thorfinnsson, Bragi"]
[Black "Danielsen, Henrik"]
[Result "0-1"]
[WhiteElo "2360"]
[BlackElo "2520"]
[EventDate "2002.03.07"]
[PlyCount "80"]

1.d4 e6 2.c4 f5 3.g3 Nf6 4.Bg2 Bb4+ 5.Nd2 O-O 6.Nf3 a5 7.O-O b6 8.Qb3 Bb7 
9.Rd1 Qc8 10.Nf1 Na6 11.Bg5 Ne4 12.d5 Nac5 13.Qc2 a4 14.a3 Ba5 15.Be7 Nb3 
16.Bxf8 Qxf8 17.dxe6 Nxa1 18.Rxa1 dxe6 19.Nd4 e5 20.Nb5 Qc5 21.e3 Bc6 22.
Rc1 Rd8 23.Nxc7 Rc8 24.Qd1 g6 25.g4 Kh8 26.gxf5 gxf5 27.Na6 Qe7 28.Ng3 Rg8
29.Rc2 Qg7 30.Qf3 f4 31.exf4 Nxg3 32.Qxc6 Nf5 33.Qe4 Nh4 34.fxe5 Nxg2 35.
Kf1 Ne1 36.Rc1 Qg1+ 37.Ke2 Rf8 38.Qh4 Qh1 39.e6 Qf3+ 40.Kf1 Qd3+ 0-1

[Event "20th Reykjavik op"]
[Site "Reykjavik ISL"]
[Date "2002.03.08"]
[Round "2"]
[White "Thorhallsson, Throestur"]
[Black "Stefansson, Hannes Hlifar"]
[Result "1/2-1/2"]
[WhiteElo "2434"]
[BlackElo "2604"]
[EventDate "2002.03.07"]
[PlyCount "27"]

1.e4 c5 2.Nf3 Nc6 3.d4 cxd4 4.Nxd4 Nf6 5.Nc3 d6 6.Bg5 e6 7.Qd2 Be7 8.O-O-O
Nxd4 9.Qxd4 a6 10.f4 b5 11.Bd3 Bb7 12.Rhe1 O-O 13.Kb1 Rc8 14.e5 1/2-1/2

[Event "20th Reykjavik op"]
[Site "Reykjavik ISL"]
[Date "2002.03.08"]
[Round "2"]
[White "Votava, Jan"]
[Black "Thorsteinsson, Thorsteinn"]
[Result "1/2-1/2"]
[WhiteElo "2515"]
[BlackElo "2332"]
[EventDate "2002.03.07"]
[PlyCount "91"]

1.c4 g6 2.Nc3 Bg7 3.d4 d6 4.e4 Nc6 5.d5 Nd4 6.Be3 c5 7.dxc6 Nxc6 8.Rc1 Nf6
9.h3 O-O 10.Nf3 b6 11.Be2 Bb7 12.O-O Nb8 13.Nd2 Nbd7 14.g4 Nc5 15.f3 e5 
16.Nb3 Ne6 17.Qd2 Ne8 18.Rfd1 f5 19.c5 Kh8 20.cxd6 fxe4 21.Nxe4 Bxe4 22.
fxe4 Qh4 23.Qe1 Qxe1+ 24.Rxe1 Nxd6 25.Rc6 Rfd8 26.g5 Nd4 27.Nxd4 exd4 28.
Bf4 Nxe4 29.Bg4 Nc5 30.Rc7 Re8 31.Rxe8+ Rxe8 32.Rxa7 Nd3 33.Bc7 Nxb2 34.
Bxb6 Nc4 35.Bc5 d3 36.Kf2 Bc3 37.Rc7 Be1+ 38.Kg2 Ne3+ 39.Bxe3 Rxe3 40.Rd7 
Bb4 41.Bd1 d2 42.h4 Re7 43.Rd4 Bc3 44.Rd3 Ba5 45.Rd5 Bc3 46.Rd3 1/2-1/2

[Event "20th Reykjavik op"]
[Site "Reykjavik ISL"]
[Date "2002.03.08"]
[Round "2"]
[White "Westerinen, Heikki"]
[Black "Neverov, Valeriy"]
[Result "1/2-1/2"]
[WhiteElo "2412"]
[BlackElo "2578"]
[EventDate "2002.03.07"]
[PlyCount "77"]

1.e4 c5 2.Nf3 e6 3.Nc3 Nc6 4.Bb5 Nge7 5.O-O Ng6 6.d4 cxd4 7.Nxd4 Qc7 8.Be3
Bd6 9.g3 O-O 10.Be2 Be7 11.Qd2 a6 12.Na4 b5 13.Nxc6 Qxc6 14.Nb6 Rb8 15.
Nxc8 Rfxc8 16.Bd3 Ne5 17.Qe2 Nxd3 18.cxd3 Qc2 19.Rfe1 Bf6 20.Rab1 Rc6 21.
b3 Rbc8 22.Qxc2 Rxc2 23.Rbc1 g5 24.Kf1 Kg7 25.Rxc2 Rxc2 26.Re2 Rc3 27.d4 
g4 28.Ke1 d5 29.Kd2 b4 30.exd5 exd5 31.Kd1 Bd8 32.Rc2 Rxc2 33.Kxc2 Bc7 34.
Kd3 Kg6 35.Bd2 a5 36.Ke3 Bb6 37.Kd3 Bc7 38.Ke3 f5 39.f4 1/2-1/2

[Event "20th Reykjavik op"]
[Site "Reykjavik ISL"]
[Date "2002.03.09"]
[Round "3"]
[White "Berg, Emanuel"]
[Black "Ehlvest, Jaan"]
[Result "1/2-1/2"]
[WhiteElo "2500"]
[BlackElo "2589"]
[EventDate "2002.03.07"]
[PlyCount "88"]

1.e4 c5 2.Nf3 e6 3.d4 cxd4 4.Nxd4 a6 5.Bd3 d6 6.Nc3 Nf6 7.f4 Nc6 8.Be3 e5 
9.Nf3 Ng4 10.Qd2 Nxe3 11.Qxe3 exf4 12.Qxf4 Be7 13.Nd5 Be6 14.O-O O-O 15.
Rae1 b5 16.a3 Ra7 17.Kh1 h6 18.Nxe7+ Rxe7 19.e5 Nxe5 20.Nxe5 dxe5 21.Rxe5 
Rfe8 22.Qe4 g6 23.Qh4 Bc4 24.Rxe7 Qxe7 25.Qxh6 Bxd3 26.cxd3 Qe3 27.Qh4 
Qxd3 28.Qf6 Qc4 29.h3 Qe6 30.Rf4 a5 31.b3 Qxf6 32.Rxf6 Re3 33.Ra6 Rxb3 34.
Rxa5 Kg7 35.a4 bxa4 36.Rxa4 f5 37.Kg1 Kf6 38.Kf2 Kg5 39.Rc4 Rb5 40.Kg3 Kh5
41.Rh4+ Kg5 42.Ra4 Rb3+ 43.Kf2 Kh5 44.Rc4 Ra3 1/2-1/2